[Event "78th UKR-ch"]
[Site "Alushta UKR"]
[Date "2009.05.14"]
[Round "4"]
[White "Varchenko, Hryhorii"]
[WhiteElo "2125"]
[Black "Tishin, Dmitry"]
[BlackElo "2299"]
[Result "0-1"]
[EventDate "2009.05.10"]
[PlyCount "64"]

1. d4 Nf6 2. c4 e6 3. Nf3 b6 4. g3 Ba6 5. b3 d5 6. cxd5 exd5 7. Bg2 Bd6 8. O-O
O-O 9. Re1 Nbd7 10. Nc3 Re8 11. a3 c6 12. Bf4 Qe7 13. Bxd6 Qxd6 14. e3 c5 15.
Nh4 Bb7 16. Nf5 Qe6 17. g4 g6 18. Nh6+ Kg7 19. g5 Ne4 20. Nxe4 dxe4 21. dxc5
Nxc5 22. b4 Nd3 23. Rf1 f5 24. Qd2 Rac8 25. Rfb1 Qc4 26. Rc1 Qxc1+ 27. Rxc1
Rxc1+ 28. Bf1 Rec8 29. Qa2 R8c4 30. Kg2 Bd5 31. Bxd3 exd3+ 32. Kh3 Rh4+ 0-1

[Event "78th UKR-ch"]
[Site "Alushta UKR"]
[Date "2009.05.14"]
[Round "4"]
[White "Nosenko, Olexandr"]
[WhiteElo "2498"]
[Black "Andrieiev, Volodymyr"]
[BlackElo "1950"]
[Result "1-0"]
[EventDate "2009.05.10"]
[PlyCount "65"]

1. d4 Nf6 2. Nf3 g6 3. Bf4 Bg7 4. e3 O-O 5. h3 b6 6. Be2 Bb7 7. O-O d6 8. a4 c5
9. c3 Nbd7 10. Nbd2 Qc7 11. Qb1 Rac8 12. Bh2 cxd4 13. exd4 e5 14. Re1 Nh5 15.
Qa2 Bh6 16. Bf1 Rce8 17. Ne4 Kg7 18. dxe5 dxe5 19. Rad1 Bxe4 20. Rxe4 f6 21.
Ree1 Bf4 22. Bxf4 Nxf4 23. g3 Nh5 24. b4 Rd8 25. Re3 Nb8 26. Rde1 Rd6 27. Nd4
Qe7 28. Be2 Qd7 29. Bg4 Qf7 30. Qe2 Nc6 31. Nb5 Rdd8 32. Qf3 Qe8 33. Nc7 1-0

[Event "78th UKR-ch"]
[Site "Alushta UKR"]
[Date "2009.05.14"]
[Round "4"]
[White "Truskavetsky, Alexandr"]
[WhiteElo "2391"]
[Black "Mazurchak, Bohdan"]
[BlackElo "2164"]
[Result "1-0"]
[EventDate "2009.05.10"]
[PlyCount "89"]

1. d4 Nf6 2. Bg5 d5 3. Nf3 e6 4. e3 Be7 5. Nbd2 O-O 6. Bd3 Nbd7 7. O-O c5 8. c3
b6 9. a4 Bb7 10. Re1 Ne4 11. Bxe7 Qxe7 12. Qc2 f5 13. c4 g5 14. cxd5 exd5 15.
g3 c4 16. Be2 a6 17. b3 b5 18. bxc4 bxc4 19. Reb1 Rab8 20. a5 Kh8 21. Nf1 Bc6
22. Rxb8 Rxb8 23. N1d2 c3 24. Nxe4 fxe4 25. Nd2 Qb4 26. Bxa6 Ra8 27. Bf1 Nb6
28. Nb3 Na4 29. a6 Rb8 30. Rb1 Qa3 31. a7 Rb4 32. Bh3 Ba8 33. Bd7 Nb6 34. Qxc3
Rc4 35. Qa5 Qb4 36. Bb5 Qxa5 37. Nxa5 Rc7 38. Ba6 Nc8 39. Bxc8 Rxc8 40. Rb8 Rg8
41. Nb3 Kg7 42. Nc5 Kf7 43. Na4 Bc6 44. Nb6 Re8 45. Rxe8 1-0

[Event "78th UKR-ch"]
[Site "Alushta UKR"]
[Date "2009.05.14"]
[Round "4"]
[White "Dolhopolov, Oleksandr"]
[WhiteElo "2268"]
[Black "Loy, Konstantin"]
[BlackElo "2123"]
[Result "1/2-1/2"]
[EventDate "2009.05.10"]
[PlyCount "75"]

1. Nf3 Nf6 2. c4 c5 3. d4 cxd4 4. Nxd4 Nc6 5. Nc3 g6 6. g3 Bg7 7. Bg2 O-O 8.
O-O d6 9. b3 Nxd4 10. Qxd4 Bf5 11. Qe3 Ne4 12. Bb2 Nxc3 13. Bxc3 Bxc3 14. Qxc3
Qc7 15. Qd4 Bd7 16. Rfc1 Bc6 17. c5 Bxg2 18. cxd6 Qxd6 19. Qxd6 exd6 20. Kxg2
Rac8 21. Kf3 f5 22. Ke3 Kf7 23. Kd4 Ke6 24. h4 h5 25. e3 Rfe8 26. Kd3 Kd5 27.
Rxc8 Rxc8 28. Rg1 b5 29. f3 b4 30. Re1 Rc3+ 31. Kd2 Ke5 32. Rg1 d5 33. Rd1 a5
34. Rc1 Rxc1 35. Kxc1 d4 36. exd4+ Kxd4 37. Kd2 Ke5 38. Ke3 1/2-1/2

[Event "78th UKR-ch"]
[Site "Alushta UKR"]
[Date "2009.05.14"]
[Round "4"]
[White "Kovtun, Sergei"]
[WhiteElo "2288"]
[Black "Kariaka, Anatolii"]
[BlackElo "2126"]
[Result "0-1"]
[EventDate "2009.05.10"]
[PlyCount "76"]

1. e4 e6 2. d4 d5 3. Nc3 Bb4 4. Nge2 dxe4 5. a3 Be7 6. Nxe4 Bd7 7. c4 Nf6 8.
N2c3 Nxe4 9. Nxe4 Bc6 10. Nc3 Bf6 11. Be3 a6 12. Qd2 O-O 13. O-O-O b5 14. d5
Bxc3 15. Qxc3 exd5 16. h4 Nd7 17. cxd5 Bb7 18. Rh3 f6 19. Bd3 Ne5 20. Bf5 Bc8
21. Be6+ Kh8 22. f4 Nc4 23. f5 Nd6 24. g4 a5 25. Bd4 b4 26. Qe3 bxa3 27. bxa3
Rb8 28. Qf4 Qe8 29. g5 Bxe6 30. fxe6 Qa4 31. h5 Rb1+ 32. Kxb1 Qxd1+ 33. Ka2 Rb8
34. Bb2 Qxd5+ 35. Ka1 Rxb2 36. Kxb2 Qg2+ 37. Kc1 Qxh3 38. gxf6 Qxe6 0-1

[Event "78th UKR-ch"]
[Site "Alushta UKR"]
[Date "2009.05.14"]
[Round "4"]
[White "Matviychuk, Olexandr"]
[WhiteElo "2149"]
[Black "Matiushyn, Oleh"]
[BlackElo "2222"]
[Result "1/2-1/2"]
[EventDate "2009.05.10"]
[PlyCount "156"]

1. e4 c5 2. Nf3 e6 3. Nc3 Nc6 4. d4 cxd4 5. Nxd4 Nf6 6. Be2 Bb4 7. Bf3 d5 8.
exd5 Nxd5 9. Nxc6 bxc6 10. O-O O-O 11. Qd4 Qb6 12. Qxb6 axb6 13. Nxd5 cxd5 14.
Be3 Bc5 15. Rfd1 Ba6 16. a4 Rfc8 17. c3 Bc4 18. Bxc5 Rxc5 19. Ra3 Rb8 20. g3
Kf8 21. Rd4 Ke7 22. b3 Ba6 23. b4 Rc7 24. b5 Bc8 25. c4 Rxc4 26. Rxc4 dxc4 27.
Rc3 Bd7 28. Rxc4 Rc8 29. Rb4 e5 30. Rb1 Rc3 31. Kg2 Ra3 32. Rb4 Kd6 33. Rc4 f5
34. Bb7 Rd3 35. Bc8 Rd4 36. Rc3 Bxc8 37. Rxc8 Rxa4 38. Rc6+ Kd5 39. Rxb6 Rb4
40. h4 f4 41. Rb7 g6 42. b6 fxg3 43. Kxg3 h5 44. Rb8 Rg4+ 45. Kh3 Kc6 46. f3
Rb4 47. Rg8 Kxb6 48. Rxg6+ Kc5 49. Rg5 Kd4 50. Rxh5 Rb1 51. Rf5 e4 52. fxe4
Kxe4 53. Rf8 Ke5 54. Kg4 Ke6 55. Kg5 Ke7 56. Rf5 Rb8 57. Kg6 Rg8+ 58. Kh7 Rg1
59. h5 Rg2 60. h6 Rh2 61. Kg7 Rg2+ 62. Kh8 Rh2 63. Kh7 Rg2 64. Ra5 Kf7 65. Ra7+
Kf8 66. Rg7 Rh2 67. Rg5 Kf7 68. Rf5+ Ke7 69. Rf4 Rh1 70. Kg7 Rg1+ 71. Kh8 Rh1
72. h7 Rg1 73. Ra4 Kf7 74. Ra7+ Kf8 75. Ra8+ Kf7 76. Rg8 Rf1 77. Rg5 Rf2 78.
Rf5+ Rxf5 1/2-1/2

[Event "78th UKR-ch"]
[Site "Alushta UKR"]
[Date "2009.05.14"]
[Round "4"]
[White "Rudak, Vladimir"]
[WhiteElo "2327"]
[Black "Havrysh, Leonid"]
[BlackElo "2155"]
[Result "1/2-1/2"]
[EventDate "2009.05.10"]
[PlyCount "89"]

1. e4 c5 2. Nf3 Nf6 3. e5 Nd5 4. Nc3 Nxc3 5. dxc3 Nc6 6. Bc4 e6 7. Bf4 Qb6 8.
b3 Qc7 9. Qd2 h6 10. h4 b6 11. O-O-O Bb7 12. h5 O-O-O 13. Kb2 Ne7 14. Be2 g5
15. hxg6 Nxg6 16. Bg3 Bg7 17. Rh5 Bxf3 18. gxf3 Bxe5 19. Ba6+ Kb8 20. Bh4 Nxh4
21. Rxh4 d5 22. Qd3 Bf6 23. Rh5 Qf4 24. Rdh1 c4 25. bxc4 d4 26. Qe4 dxc3+ 27.
Kb3 Qxe4 28. fxe4 Rd2 29. e5 Bg7 30. R1h2 Rhd8 31. Kxc3 Re2 32. f4 Re4 33. Rg2
Bf8 34. Rg4 Kc7 35. Rh3 Rdd4 36. Rd3 Bc5 37. Rxd4 Rxd4 38. Bb5 h5 39. Rh4 a5
40. Be8 f6 41. exf6 e5 42. Bxh5 Bb4+ 43. Kb3 Rxf4 44. Rxf4 exf4 45. f7 1/2-1/2

[Event "78th UKR-ch"]
[Site "Alushta UKR"]
[Date "2009.05.14"]
[Round "4"]
[White "Kalinina, Olga"]
[WhiteElo "2159"]
[Black "Stets, Vasilij"]
[BlackElo "2245"]
[Result "1-0"]
[EventDate "2009.05.10"]
[PlyCount "113"]

1. e4 c5 2. f4 d5 3. exd5 Qxd5 4. Nc3 Qd8 5. Nf3 a6 6. d4 cxd4 7. Qxd4 Qxd4 8.
Nxd4 e6 9. Be3 Bd7 10. O-O-O Nf6 11. Bc4 Bb4 12. Nde2 b5 13. Bb3 Nc6 14. a3 Be7
15. h3 Na5 16. Nd4 Rc8 17. Rd3 Nxb3+ 18. Nxb3 Bc6 19. Rg1 O-O 20. Bc5 Bxc5 21.
Nxc5 a5 22. b4 axb4 23. axb4 Nd5 24. Nxd5 Bxd5 25. Nd7 Bc4 26. Rd4 Rfe8 27. Nb6
Rc7 28. Nxc4 bxc4 29. Kb2 c3+ 30. Kb3 Kf8 31. Rgd1 Ke7 32. Rc4 Ra7 33. Rxc3
Rea8 34. Rc5 Ra3+ 35. Kc4 Rg3 36. Rc7+ Kf6 37. Rdd7 Rf8 38. b5 Rxg2 39. Kb3
Rg3+ 40. Kb2 g5 41. fxg5+ Rxg5 42. c4 Rg2+ 43. Kc3 Rg3+ 44. Kb4 Rxh3 45. b6 Rg3
46. b7 Rgg8 47. c5 h5 48. c6 Ke5 49. Rxf7 Rb8 50. Rg7 Rgf8 51. Rcf7 Rh8 52. Kc5
h4 53. Kb6 Ke4 54. c7 Rbe8 55. Rh7 Rhg8 56. Rfg7 Rgf8 57. Re7 1-0

[Event "78th UKR-ch"]
[Site "Alushta UKR"]
[Date "2009.05.14"]
[Round "4"]
[White "Podolsky, Anton"]
[WhiteElo "2083"]
[Black "Dementiev, Oleg"]
[BlackElo "1959"]
[Result "0-1"]
[EventDate "2009.05.10"]
[PlyCount "88"]

1. e4 c6 2. d4 d5 3. exd5 cxd5 4. Bd3 Nc6 5. Ne2 Bg4 6. f3 Bh5 7. c3 Bg6 8. O-O
e6 9. Bf4 Nf6 10. Na3 a6 11. Nc2 Bd6 12. Re1 Qc7 13. Bg3 O-O 14. Bxg6 hxg6 15.
Qd3 Nh5 16. Bxd6 Qxd6 17. a4 Na5 18. Ne3 Rac8 19. Ng4 Nc4 20. b3 Na5 21. Rab1
Nf4 22. Nxf4 Qxf4 23. Ne5 Nc6 24. Nd7 Rfd8 25. Nc5 Qc7 26. b4 a5 27. b5 Nb8 28.
b6 Qe7 29. f4 Rc6 30. Qb5 Nd7 31. Nxb7 Rxb6 32. Qxa5 Rxb1 33. Rxb1 Rc8 34. Qb4
Qf6 35. Qd6 Rxc3 36. Qxd7 Qxd4+ 37. Kh1 Qxf4 38. Qd8+ Kh7 39. Qb6 Qxa4 40. h3
Qe4 41. Nd6 Qf4 42. Qb4 Rc1+ 43. Rxc1 Qxb4 44. Nxf7 Qf4 0-1

[Event "78th UKR-ch"]
[Site "Alushta UKR"]
[Date "2009.05.14"]
[Round "4"]
[White "Burdalev, Kirill"]
[WhiteElo "2217"]
[Black "Strygin, Alexandr"]
[BlackElo "2092"]
[Result "0-1"]
[EventDate "2009.05.10"]
[PlyCount "96"]

1. Nf3 Nf6 2. c4 e6 3. Nc3 d5 4. d4 Be7 5. Bg5 O-O 6. e3 Nbd7 7. Qc2 a6 8. cxd5
exd5 9. Bd3 c6 10. g4 g6 11. Bh6 Re8 12. h3 Bd6 13. O-O-O b5 14. Kb1 Bb7 15.
Bf4 Bf8 16. h4 c5 17. Ne5 c4 18. Be2 Ne4 19. Nxe4 dxe4 20. g5 Nxe5 21. Bxe5 Bd6
22. Bxd6 Qxd6 23. d5 Bxd5 24. Qc3 Qe5 25. Qa5 Rec8 26. Rd4 Be6 27. Rhd1 Qc7 28.
Qc3 Rab8 29. Rd6 b4 30. Qe5 c3 31. Rd8+ Qxd8 32. Rxd8+ Rxd8 33. h5 gxh5 34.
Qxe4 b3 35. axb3 Rxb3 36. Bd3 Rxb2+ 37. Kc1 Rxd3 38. Qxd3 Rb8 39. Qd6 Rc8 40.
Qxa6 h4 41. Qd6 h3 42. e4 Bb3 43. Qg3 Ra8 44. Kb1 h2 45. Qxh2 Rd8 46. Qg1 Rd1+
47. Qxd1 Bxd1 48. Kc1 Bb3 0-1

[Event "78th UKR-ch"]
[Site "Alushta UKR"]
[Date "2009.05.14"]
[Round "4"]
[White "Kravchenko, Leonid"]
[WhiteElo "2180"]
[Black "Zaichuk, Vitalii"]
[BlackElo "2038"]
[Result "1-0"]
[EventDate "2009.05.10"]
[PlyCount "71"]

1. d4 g6 2. c4 Bg7 3. Nc3 d6 4. e4 e5 5. dxe5 dxe5 6. Qxd8+ Kxd8 7. Bg5+ f6 8.
O-O-O+ Nd7 9. Be3 c6 10. f4 Kc7 11. Nf3 Bh6 12. g3 Nf8 13. Rd3 Bg4 14. Bg2 Nd7
15. h3 Be6 16. b3 Bf8 17. Rhd1 Ba3+ 18. Kc2 Be7 19. g4 Bf8 20. f5 gxf5 21. gxf5
Nc5 22. Bxc5 Bxc5 23. fxe6 Re8 24. Rd7+ Kc8 25. h4 Ne7 26. Na4 Be3 27. R7d3 Bf2
28. R3d2 Be3 29. Re2 Bb6 30. Nxb6+ axb6 31. Bh3 Ng6 32. Bf5 Kb8 33. Red2 Nf8
34. Rd8+ Rxd8 35. Rxd8+ Kc7 36. e7 1-0

[Event "78th UKR-ch"]
[Site "Alushta UKR"]
[Date "2009.05.14"]
[Round "4"]
[White "Stolpovskyi, Serhii"]
[WhiteElo "2151"]
[Black "Chernoukhov, Oleksandr"]
[BlackElo "1869"]
[Result "1-0"]
[EventDate "2009.05.10"]
[PlyCount "93"]

1. d4 Nf6 2. c4 g6 3. Nc3 Bg7 4. e4 d6 5. Be2 O-O 6. Nf3 Nc6 7. O-O e5 8. d5
Ne7 9. Ne1 Ne8 10. Be3 b6 11. b4 f5 12. f3 Nf6 13. c5 Nh5 14. cxd6 cxd6 15. Nd3
Bd7 16. b5 Nf4 17. Nxf4 exf4 18. Bd4 g5 19. Bxg7 Kxg7 20. Qd4+ Rf6 21. Bd3 Qc7
22. Na4 Ng6 23. Rac1 Qb7 24. exf5 Ne5 25. Rfe1 Rc8 26. Nc3 Bxf5 27. Bxf5 Rxf5
28. Ne4 Rxc1 29. Rxc1 Qe7 30. Rc6 Rf6 31. Qc3 Kg6 32. Rc7 Qd8 33. Nxf6 Qxf6 34.
Qc2+ Qf5 35. Rg7+ Kf6 36. Qxf5+ Kxf5 37. Rxa7 h5 38. Rb7 Nc4 39. Rc7 Ne3 40.
Rc6 Nxd5 41. Rxd6 Nc3 42. Rxb6 Nxa2 43. Rc6 Nb4 44. Rc5+ Kf6 45. b6 Na6 46. Ra5
Nb8 47. b7 1-0

[Event "78th UKR-ch"]
[Site "Alushta UKR"]
[Date "2009.05.14"]
[Round "4"]
[White "Lomakin, Viktor"]
[WhiteElo "2120"]
[Black "Cherednichenko, Svetlana"]
[BlackElo "2361"]
[Result "0-1"]
[EventDate "2009.05.10"]
[PlyCount "150"]

1. d4 g6 2. c4 Bg7 3. Nc3 Nf6 4. e4 d6 5. Nge2 O-O 6. Ng3 e5 7. d5 a5 8. Be2
Ne8 9. h4 h5 10. Bg5 Bf6 11. Qd2 Ng7 12. O-O-O Nd7 13. Nb5 Nc5 14. Rdf1 Bd7 15.
Nc3 Rb8 16. Rfg1 c6 17. Rd1 a4 18. f3 Qe7 19. Nf1 Rfc8 20. Kb1 Be8 21. g3 Rd8
22. Qe3 b5 23. dxc6 Bxc6 24. Nd5 Bxd5 25. cxd5 Rdc8 26. g4 b4 27. Rc1 Rc7 28.
Ng3 Rbc8 29. gxh5 gxh5 30. Bb5 Kh7 31. Rhg1 a3 32. b3 Nb7 33. Rxc7 Rxc7 34. Ne2
Rc5 35. Bd3 Na5 36. Qd2 Bxg5 37. hxg5 Qb7 38. Rh1 Rc8 39. Qe3 Qc7 40. Rc1 Qb7
41. Rh1 Kg8 42. f4 exf4 43. Qxf4 Qe7 44. Rf1 Rc7 45. Rf3 Qe5 46. Qxe5 dxe5 47.
Rf6 Nb7 48. Rh6 Rd7 49. Rb6 Nc5 50. Bc2 Rb7 51. Rc6 Nd7 52. Kc1 f6 53. gxf6 Ne8
54. f7+ Kxf7 55. Rh6 Ndf6 56. Ng3 Ng7 57. Bd3 Rc7+ 58. Bc2 Ng4 59. Rc6 Rxc6 60.
dxc6 Ke6 61. Bd1 Nf6 62. Bf3 Kd6 63. Kd2 Kxc6 64. Nh1 Ne6 65. Ke3 Nc5 66. Nf2
h4 67. Bd1 Ne8 68. Nd3 Nc7 69. Nxb4+ Kd6 70. Kf3 Nb5 71. Nc2 Nd4+ 72. Ke3 Nxc2+
73. Bxc2 Ne6 74. Bd1 Nd4 75. Kf2 Nb5 0-1

[Event "78th UKR-ch"]
[Site "Alushta UKR"]
[Date "2009.05.14"]
[Round "4"]
[White "Mamonova, Yulia"]
[WhiteElo "2009"]
[Black "Borzov, Dmytro"]
[BlackElo "2209"]
[Result "1/2-1/2"]
[EventDate "2009.05.10"]
[PlyCount "81"]

1. d4 c5 2. c3 d5 3. Nf3 Nf6 4. e3 Nc6 5. Be2 Bg4 6. Nbd2 e6 7. O-O Qc7 8. h3
Bh5 9. Re1 a6 10. Bf1 cxd4 11. exd4 Bd6 12. b3 O-O 13. Bb2 b5 14. a4 Qb6 15.
axb5 axb5 16. Qe2 Rab8 17. Qe3 Ra8 18. b4 Rxa1 19. Rxa1 Rb8 20. Nb3 Bxf3 21.
Qxf3 e5 22. dxe5 Nxe5 23. Qd1 Nc4 24. Bxc4 dxc4 25. Nd4 Be5 26. Nf3 Rd8 27. Qe2
Bc7 28. Re1 h6 29. Bc1 Rd3 30. Be3 Qe6 31. Qa2 Qd6 32. Qa8+ Kh7 33. Bd4 Nd5 34.
Ne5 Nxc3 35. Bxc3 Rxc3 36. Qc8 Qe7 37. Nf3 Qd6 38. Ne5 Qe7 39. Nf3 Qd6 40. Ne5
Qe7 41. Nf3 1/2-1/2

[Event "78th UKR-ch"]
[Site "Alushta UKR"]
[Date "2009.05.14"]
[Round "4"]
[White "Vatinyan, Gor"]
[WhiteElo "1951"]
[Black "Mukhtarov, Leonid"]
[BlackElo "2115"]
[Result "0-1"]
[EventDate "2009.05.10"]
[PlyCount "58"]

1. e4 c5 2. Nf3 Nc6 3. d4 cxd4 4. Nxd4 Nf6 5. Nc3 d6 6. h3 e6 7. g4 a6 8. Bg2
Qc7 9. Nde2 Be7 10. O-O b5 11. a3 Bb7 12. Ng3 O-O 13. f4 Rfe8 14. g5 Nd7 15. f5
Bf8 16. h4 Nde5 17. Nh5 a5 18. Be3 Ba6 19. fxe6 fxe6 20. Bh3 b4 21. Ne2 Ng6 22.
Rf2 Nxh4 23. Bxe6+ Rxe6 24. Qd5 Rae8 25. Nhf4 Nd8 26. Nxe6 Nxe6 27. Nd4 Bc4 28.
Nxe6 Qc8 29. Qd1 Qxe6 0-1

[Event "78th UKR-ch"]
[Site "Alushta UKR"]
[Date "2009.05.14"]
[Round "4"]
[White "Harnazhenko, Dmytro"]
[WhiteElo "1890"]
[Black "Domnin, Sergei"]
[BlackElo "2095"]
[Result "0-1"]
[EventDate "2009.05.10"]
[PlyCount "62"]

1. e4 c6 2. c4 g6 3. Nc3 Bg7 4. d4 d6 5. Be3 Nf6 6. h3 O-O 7. g4 a6 8. Bg2 Qc7
9. Rc1 e5 10. Nge2 Nbd7 11. O-O Qb8 12. f4 Ne8 13. Qd2 f6 14. Ng3 b5 15. cxb5
axb5 16. b3 Rf7 17. f5 g5 18. d5 c5 19. Rf2 h6 20. Bf1 Ba6 21. h4 b4 22. Nb1
Bxf1 23. Kxf1 Nc7 24. Rh2 Nb5 25. Qb2 Nd4 26. Bxd4 exd4 27. Nd2 Ne5 28. Qb1
Nxg4 29. Rh3 Rfa7 30. hxg5 hxg5 31. Nh5 Rxa2 0-1

[Event "78th UKR-ch"]
[Site "Alushta UKR"]
[Date "2009.05.14"]
[Round "4"]
[White "Labenskyi, Ihor"]
[WhiteElo "2304"]
[Black "Pylyposian, Mikael"]
[BlackElo "1988"]
[Result "0-1"]
[EventDate "2009.05.10"]
[PlyCount "76"]

1. d4 d5 2. c4 c6 3. Nc3 Nf6 4. Nf3 dxc4 5. a4 Bf5 6. e3 e6 7. Bxc4 Bb4 8. O-O
Nbd7 9. Qe2 Bg6 10. e4 Bxc3 11. bxc3 Nxe4 12. Ba3 Qc7 13. Qe3 c5 14. Bb5 O-O
15. Bxd7 Qxd7 16. Ne5 Qd5 17. c4 Qxd4 18. Qxd4 cxd4 19. Bxf8 Kxf8 20. Rfd1 Rd8
21. a5 f6 22. Nd3 e5 23. f3 Nc3 24. Rd2 Bxd3 25. Rxd3 Rc8 26. Rd2 Rxc4 27. Rb2
Rc7 28. Ra3 d3 29. Rab3 f5 30. Rd2 e4 31. Kf2 Nd5 32. Ke1 Nf4 33. fxe4 fxe4 34.
Rf2 g5 35. Kd2 Rc2+ 36. Ke3 Re2+ 37. Rxe2 dxe2 38. Rb1 e1=Q+ 0-1

[Event "78th UKR-ch"]
[Site "Alushta UKR"]
[Date "2009.05.14"]
[Round "4"]
[White "Tikhonov, Gennady"]
[WhiteElo "1984"]
[Black "Kuchin, Pavel"]
[BlackElo "2001"]
[Result "1/2-1/2"]
[EventDate "2009.05.10"]
[PlyCount "151"]

1. d4 f5 2. e4 fxe4 3. Nc3 Nf6 4. Bg5 Nc6 5. d5 Ne5 6. Qd4 Nf7 7. Bxf6 exf6 8.
O-O-O Bd6 9. Qxe4+ Qe7 10. Qh4 f5 11. Nf3 Qxh4 12. Nxh4 Bf4+ 13. Kb1 d6 14.
Bb5+ Kd8 15. g3 Be5 16. Ne2 a6 17. Bd3 g6 18. f4 Bf6 19. Nf3 c5 20. dxc6 bxc6
21. Rhe1 Re8 22. Ned4 Bd7 23. Nb3 Kc7 24. Rxe8 Bxe8 25. Re1 Bd7 26. Bc4 Nd8 27.
Bg8 h6 28. h4 c5 29. Kc1 Nc6 30. Bf7 Ne7 31. Na5 Rf8 32. Be6 Bxe6 33. Rxe6 Kd7
34. Re2 Rb8 35. c3 Re8 36. Nc4 Nc8 37. Rxe8 Kxe8 38. Kc2 h5 39. Kb3 Kd7 40. Ka4
Bd8 41. Ne3 Kc6 42. c4 Nb6+ 43. Kb3 Bf6 44. Kc2 a5 45. b3 Bd8 46. Kd3 Bf6 47.
Ng5 Bd4 48. Ne6 Bxe3 49. Kxe3 Nc8 50. Nf8 Ne7 51. Nh7 Ng8 52. Kd3 Kb6 53. Kc3
Kc6 54. Kb2 Kb6 55. Ka3 Kb7 56. Ka4 Kb6 57. Nf8 Ne7 58. Nd7+ Kc7 59. Nf6 Kb6
60. Ne8 Nc8 61. a3 Ka6 62. Nc7+ Kb6 63. Nd5+ Ka6 64. b4 axb4 65. axb4 cxb4 66.
Kxb4 Kb7 67. Kb5 Na7+ 68. Ka4 Nc8 69. Kb5 Na7+ 70. Ka4 Nc8 71. Kb3 Kc6 72. Kb4
Kb7 73. Kc3 Kc6 74. Kd4 Kd7 75. Ne3 Ke6 76. Nd5 1/2-1/2

[Event "78th UKR-ch"]
[Site "Alushta UKR"]
[Date "2009.05.15"]
[Round "5"]
[White "Budnikov, Oleg"]
[WhiteElo "2408"]
[Black "Tukhaev, Adam"]
[BlackElo "2517"]
[Result "0-1"]
[EventDate "2009.05.10"]
[PlyCount "108"]

1. d4 Nf6 2. c4 g6 3. Nc3 d5 4. Nf3 Bg7 5. Bg5 Ne4 6. cxd5 Nxg5 7. Nxg5 e6 8.
Nf3 exd5 9. e3 O-O 10. b4 c6 11. Be2 b6 12. Rc1 b5 13. O-O a5 14. a3 axb4 15.
axb4 Qd6 16. Qb3 Be6 17. Ne1 Nd7 18. Nd3 Bf5 19. Nc5 Nb6 20. Ra1 Nc4 21. Bxc4
bxc4 22. Qb2 h5 23. Ra5 h4 24. Rfa1 Rab8 25. Ra6 h3 26. g3 Bc8 27. Ra8 Bg4 28.
Rxb8 Rxb8 29. Ra6 Qf6 30. f4 Bf8 31. Qc1 Bxc5 32. bxc5 Qf5 33. Rb6 Ra8 34. Qb1
Qd3 35. Qxd3 cxd3 36. Rb2 Ra1+ 37. Rb1 Ra3 38. Nd1 Ra2 39. Nf2 Rxf2 40. Kxf2 d2
41. e4 dxe4 42. Ke3 d1=Q 43. Rxd1 Bxd1 44. Kxe4 Bb3 45. Ke5 Kg7 46. f5 g5 47.
g4 f6+ 48. Kd6 Bd5 49. Kd7 Kf7 50. Kd8 Bf3 51. Kd7 Bxg4 52. Kxc6 Bxf5 53. d5 g4
54. d6 g3 0-1

[Event "78th UKR-ch"]
[Site "Alushta UKR"]
[Date "2009.05.15"]
[Round "5"]
[White "Shtanko, Dmitry"]
[WhiteElo "2311"]
[Black "Kislinsky, Alexey"]
[BlackElo "2455"]
[Result "1-0"]
[EventDate "2009.05.10"]
[PlyCount "83"]

1. d4 Nf6 2. c4 c5 3. d5 b5 4. cxb5 a6 5. b6 Bb7 6. Nc3 e6 7. e4 exd5 8. exd5
d6 9. a4 a5 10. Bg5 Be7 11. Bb5+ Nbd7 12. Bxf6 Bxf6 13. Qg4 h5 14. Qh3 Bxc3+
15. bxc3 Bxd5 16. O-O-O Be6 17. Qg3 O-O 18. Rxd6 Qe7 19. Nf3 Nf6 20. Ng5 Bf5
21. Rhd1 c4 22. Qe3 Qxe3+ 23. fxe3 Bd3 24. R1xd3 cxd3 25. c4 Rac8 26. Rc6 Rcd8
27. Kd2 Ng4 28. Ne4 f5 29. Nd6 Nf2 30. c5 Ne4+ 31. Nxe4 fxe4 32. Rd6 Rf2+ 33.
Kc3 Rc2+ 34. Kb3 Rf8 35. Bc4+ Kh7 36. Rxd3 Rff2 37. Rd1 Rb2+ 38. Ka3 Rb4 39.
Rc1 Kh6 40. Bb3 Re2 41. Rc3 Rd2 42. Rc4 1-0

[Event "78th UKR-ch"]
[Site "Alushta UKR"]
[Date "2009.05.15"]
[Round "5"]
[White "Kovalev, Denis"]
[WhiteElo "2447"]
[Black "Golovany, Andrei"]
[BlackElo "2280"]
[Result "1-0"]
[EventDate "2009.05.10"]
[PlyCount "127"]

1. c4 e6 2. Nf3 Nf6 3. g3 d5 4. Bg2 Be7 5. O-O O-O 6. d4 b6 7. Nc3 Bb7 8. cxd5
Nxd5 9. Nxd5 exd5 10. Bf4 Nd7 11. Qb3 c5 12. dxc5 Nxc5 13. Qd1 Bf6 14. Be5 Re8
15. Bd4 Ne6 16. e3 Rc8 17. b3 Nxd4 18. Nxd4 Ba6 19. Re1 Rc3 20. Qd2 Rc5 21.
Rac1 Qd7 22. Bf1 Bxf1 23. Rxf1 Rec8 24. Rcd1 g6 25. Qd3 Bxd4 26. Qxd4 Qf5 27.
Rd2 Rc2 28. Rfd1 h5 29. Kg2 Rxd2 30. Rxd2 Qe4+ 31. Qxe4 dxe4 32. Rd7 a5 33. Rd6
b5 34. Ra6 a4 35. bxa4 bxa4 36. Rxa4 Rc2 37. a3 Ra2 38. h3 Kg7 39. g4 hxg4 40.
hxg4 g5 41. Kg3 Kg6 42. Ra6+ f6 43. Ra8 Ra1 44. a4 Kg7 45. Kg2 Kf7 46. a5 Kg6
47. a6 Kf7 48. a7 Kg7 49. Kh2 Kh7 50. Kg3 Kg7 51. f4 exf3 52. Kxf3 Ra4 53. Ke2
Ra2+ 54. Kd3 Ra3+ 55. Kc4 Ra1 56. e4 Rc1+ 57. Kb5 Rb1+ 58. Kc6 Rc1+ 59. Kd6 Ra1
60. Rc8 Rxa7 61. Rc7+ Rxc7 62. Kxc7 Kg8 63. Kd6 Kh7 64. Kd7 1-0

[Event "78th UKR-ch"]
[Site "Alushta UKR"]
[Date "2009.05.15"]
[Round "5"]
[White "Kharchenko, Boris"]
[WhiteElo "2474"]
[Black "Finherov, Dmytro"]
[BlackElo "2381"]
[Result "1-0"]
[EventDate "2009.05.10"]
[PlyCount "47"]

1. e4 c5 2. c3 e6 3. d4 cxd4 4. cxd4 d5 5. e5 Nc6 6. Nf3 Nge7 7. Bd3 Nf5 8.
Bxf5 exf5 9. O-O Be7 10. Qb3 a6 11. Bd2 g5 12. Nc3 Be6 13. Bxg5 Bxg5 14. Nxg5
Qxg5 15. Qxb7 Rc8 16. Nxd5 Nxd4 17. Nf6+ Kf8 18. Qb4+ Kg7 19. Qxd4 Rhd8 20. Qa4
Bc4 21. f4 Qh4 22. Rf3 Bb5 23. Qb3 Be2 24. Rh3 1-0

[Event "78th UKR-ch"]
[Site "Alushta UKR"]
[Date "2009.05.15"]
[Round "5"]
[White "Poluektov, Yury"]
[WhiteElo "2390"]
[Black "Matiushin, Gennady"]
[BlackElo "2500"]
[Result "0-1"]
[EventDate "2009.05.10"]
[PlyCount "88"]

1. d4 Nf6 2. Nf3 d5 3. Bg5 Ne4 4. Bf4 c5 5. e3 Nc6 6. c3 Qb6 7. Qc1 h6 8. h3
Bf5 9. Be2 e6 10. O-O Be7 11. Ne5 cxd4 12. exd4 Nxe5 13. Bxe5 O-O 14. Bf4 e5
15. Be3 exd4 16. Bxd4 Qg6 17. Kh1 Bd6 18. Be3 Rae8 19. Nd2 Nxf2+ 20. Rxf2 Rxe3
21. Nf1 Re6 22. Bf3 Bc5 23. Rd2 Bxh3 24. Rxd5 Bxg2+ 25. Bxg2 Re2 26. Ne3 Bxe3
27. Qf1 Qg4 28. Qf3 Qh4+ 29. Qh3 Qxh3+ 30. Bxh3 Bf4 31. Bg2 Rfe8 32. Rf1 g5 33.
Rd7 R8e7 34. Rxb7 Rxb7 35. Bxb7 Rxb2 36. Bd5 Rc2 37. c4 Rc1 38. Rxc1 Bxc1 39.
c5 Kg7 40. c6 Bf4 41. Be4 h5 42. Kg2 g4 43. Bf5 Kf6 44. Bd7 Kg5 0-1

[Event "78th UKR-ch"]
[Site "Alushta UKR"]
[Date "2009.05.15"]
[Round "5"]
[White "Yakymov, Volodymyr"]
[WhiteElo "2453"]
[Black "Dmitrenko, Viktor"]
[BlackElo "2338"]
[Result "1/2-1/2"]
[EventDate "2009.05.10"]
[PlyCount "41"]

1. e4 c6 2. d4 d5 3. exd5 cxd5 4. c4 Nf6 5. Nc3 g6 6. Bd3 Bg7 7. Nge2 O-O 8.
O-O Nc6 9. a3 dxc4 10. Bxc4 b6 11. Bg5 Bb7 12. Qd3 Qc8 13. Ba2 Qg4 14. Bxf6
Bxf6 15. h3 Qd7 16. Rfd1 Rac8 17. Qe3 Bg7 18. Qf4 Na5 19. d5 Ba6 20. Nd4 Nc4
21. Bxc4 $11 1/2-1/2

[Event "78th UKR-ch"]
[Site "Alushta UKR"]
[Date "2009.05.15"]
[Round "5"]
[White "Tishin, Dmitry"]
[WhiteElo "2299"]
[Black "Kovalenko, Igor"]
[BlackElo "2449"]
[Result "0-1"]
[EventDate "2009.05.10"]
[PlyCount "100"]

1. d4 Nf6 2. Nf3 e6 3. c4 c5 4. e3 d5 5. Nc3 Nc6 6. Be2 dxc4 7. Bxc4 Be7 8. O-O
cxd4 9. Nxd4 O-O 10. Nxc6 bxc6 11. Qxd8 Rxd8 12. Be2 Nd5 13. e4 Nxc3 14. bxc3
Bf6 15. Be3 Bxc3 16. Rac1 Ba5 17. Rxc6 Bb7 18. Rcc1 Bb6 19. Rb1 Bxe3 20. Rxb7
Bb6 21. Rc1 Rac8 22. Rxc8 Rxc8 23. g3 g6 24. a4 Rc1+ 25. Kg2 Ra1 26. Rb8+ Kg7
27. Rc8 Rxa4 28. Bd3 Rd4 29. Rc3 Ba5 30. Rb3 Bb4 31. Kf3 a5 32. Ke3 e5 33. Bb5
Bc5 34. Rc3 Ba7 35. Bc6 Rc4+ 36. Kd3 Rxc3+ 37. Kxc3 Bxf2 38. Kc4 f5 39. exf5
gxf5 40. Bd7 Kf6 41. g4 f4 42. Kd5 Bh4 43. Ke4 Ke7 44. Bf5 a4 45. Bxh7 a3 46.
Bg8 Kd6 47. Bf7 Kc5 48. Be6 Kb4 49. Kd3 f3 50. Ke3 e4 0-1